MARC

LEADER 00000nam0a2200000 4500
001 285525
005 20231101235813.0
035 |a (RuTPU)RU\TPU\book\309768 
090 |a 285525 
100 |a 20150225d1984 m y0rusy50 ca 
101 0 |a rus 
102 |a RU 
105 |a a z 000zy 
200 1 |a Сотрудничество стран-членов СЭВ в области энергии, топлива и сырья  |f Совет экономической взаимопомощи (СЭВ) 
210 |a Москва  |c Секретариат СЭВ  |d 1984 
215 |a 34 с.  |c ил. 
606 1 |a Экономическое сотрудничество социалистических стран  |2 stltpush  |3 (RuTPU)RU\TPU\subj\37463  |9 58434 
610 1 |a социалистические страны 
610 1 |a международное сотрудничество 
610 1 |a СЭВ 
610 1 |a энергетика 
610 1 |a топливно-энергетическое сырье 
610 1 |a промышленность 
610 1 |a международные экономические отношения 
686 |a У680.6  |v LBC/SL-A  |2 rubbk 
712 0 2 |a Совет экономической взаимопомощи (СЭВ)  |c межправительственная экономическая организация социалистических государств  |z 1949-  |2 stltpush  |3 (RuTPU)RU\TPU\col\6082 
801 1 |a RU  |b 63413507  |c 20150225 
801 2 |a RU  |b 63413507  |c 20171208  |g RCR 
942 |c BK